000
00255nam a2200109Ia 4500
008
190216s9999||||xx |||||||||||||| ||und||
100
_a
Acharya Chudersan
245
0
_a
Hindi-Devangena Narmadh
260
_b
Arya Book Depot
650
_a
Hindi
942
_c
BK
999
_c
15278
_d
15278